| 000 | 00562nam a2200205 a 4500 | ||
|---|---|---|---|
| 005 | 20140311161033.0 | ||
| 008 | 100302s19uu xx 00 eng d | ||
| 020 | _a9780073385044 | ||
| 050 |
_aPN 4129.15 _b.H38 2010 |
||
| 100 | _aHasling, John | ||
| 245 |
_aThe audience, the message, the speaker / _cJohn Hasling. |
||
| 250 | _a8th ed. | ||
| 260 |
_aBoston : _bMcGraw-Hill Higher Education, _c2010. |
||
| 300 |
_a231 p. : _bill. ; _c24 cm. |
||
| 521 | _aMC | ||
| 650 | _aPublic speaking. | ||
| 942 |
_cBK _2lcc _kFOR |
||
| 999 |
_c23870 _d23870 |
||